000 00652nam a2200217Ia 4500
008 191130s2009##################000#0#eng##
020 _a9788184000795
040 _aACL
_cACL
082 _a967.61 MAN
100 _aMadhvani, Manubhai
245 _aTide of fortune : a family tale
_cManubhai Madhvani and Giles Foden
260 _aNoida
_bRandom House India
_c2009
300 _a268 p. : ill. ; 24 cm
650 _aBusinessmen -- Africa, East -- Biography
650 _aMadhvani Family
650 _aMadhvani, Manubhai, -- 1930-
700 _aFoden, Giles
990 _a2b9e79f0ac10000c133cb0e1b18d4bdf
991 _a282895
999 _c79099
_d79099